| 000 | 00563nam a2200157 a 4500 | ||
|---|---|---|---|
| 008 | 120416s1972 ||||||||||||||||| || u | ||
| 020 | _a0713156244 | ||
| 050 | _aHB 871 Pop | ||
| 100 | _aGlass, D. V | ||
| 245 | 1 | 0 |
_aPopulation and social change _cedited by D.V. Glass |
| 260 |
_aLondon _bEdward Arnold _c1972 |
||
| 350 | _a0.00 | ||
| 650 | _aPOPULATION--ENVIRONMENTAL ASPECTS | ||
| 700 | _aRevelle, Roger | ||
| 995 |
_D0.00 _FCBU-MAIN LIBRARY (Kitwe) _H1 _I0.00 _M1 _UAVAILABLE _ZAnnex Low-Usage Collection |
||
| 999 |
_c54003 _d54003 |
||